000 00542nam a2200193Ia 4500
008 151121s9999||||xx |||||||||||||| ||und||
082 _a813/मोरे
082 _bHNW-48328
100 _aमोरे महादेव
245 _aझळा
260 _b"अजब पुस्तकालय, कोल्हापूर।"
260 _c--
300 _a250
600 _aमोरे महादेव
630 _aझळा
700 _aमोरे महादेव
730 _aझळा
942 _cBOOK
999 _c1233929
_d1233926